000 00736nam a2200229 a 4500
001 BRL_511
005 20190320210757.0
008 230813s1968----mx-a######---#000-0#spa-#
041 _aspa
044 _amx
050 4 _aGN37.M4
_b.M87 1968
100 1 _aRamiìrez Vaìzquez, Pedro,
_d1919-2013
_924147
245 1 0 _aEl Museo Nacional de Antropología
_bArte, Arquitectura, Arqueología, Etnografía
_cPedro Ramírez Vázquez....[et al.]
260 _aMéxico
_bEditorial Tláloc
_c1968
300 _a257 p.
_bil.
_c32 cm.
500 _aAu538
500 _aBibliografía: p. 252-255.
500 _aTiene rasgada la cubierta.
610 2 4 _aMuseo Nacional de Antropologia e Historia (Mexico)
_924148
902 _aGRL
942 _2lcc
_cB
999 _c9323
_d9323